| 000 | 00608cam a2200217 4500 | ||
|---|---|---|---|
| 001 | D2125 | ||
| 008 | 090401t1972 xxu||||| |||| 00| 0 eng d | ||
| 035 | _a(Sirsi) u67535 | ||
| 041 | _aeng | ||
| 050 | _a333.337 | ||
| 100 | _aJohnson, T.A (ed) | ||
| 245 | 4 | _aThe management of urban property. Contributions by M E T Thorncroft et al | |
| 260 |
_aReading _bCollege of Estate Management _c1972 |
||
| 300 | _a189p. 11cm | ||
| 350 | _a0 | ||
| 490 |
_aProperty Studies in the United Kingdom and Overseas _v8 |
||
| 520 | _aReprint 1976 | ||
| 710 |
_aC.A.L.U.S. _91849 |
||
| 942 | _n0 | ||
| 948 | _c04/03/1997 | ||
| 999 |
_c95024 _d95024 |
||